01497nmm a2200301 a 4500003000500000005001700005007001500022008004100037010001000078011001000088035001000098040000900108041000800117100001800125245015200143264009700295300006300392336002700455337002700482338003800509511010900547516004500656538038800701546002401089650002601113650003201139650002401171CHAP20240613104326.0co ag |||aaaaa000412s1999 caua d 10 spa d a80823 a81795 a92275 cCHAP aspa00aOgata, Nisao.10aArboles tropicales comunes del area maya (disco compacto) :h[disco compacto]bsistema de identificación taxonómicac/por Nisao Ogata (y otros) aCalifornia :bUniversidad de California. QTAXA. Department of Botany & Plant Science,c1999. a1 disco compacto CDc4 3/4 pulgadas (12cm.)bdigital color 2rdacontentatextobtxt 2rdamediaaordenadoebc 2rdacarrieradisco computadorabcd aNisao Ogata Arturo Gómez Pompa Araceli Aguilar-Meléndez Roberto Castr-Cortés Orlay Edward Plummer. aDocumento Texto (Informes y resúmenes) aComputadora Pentium, al menos 90 Mhz de velocidad, monitor de al menos 256 colores con una ressolución DE 800x600 y al menos 16x MB RAM. Manejador (drive) para cd-roms de al menos 6x de velocidad. Windows95,98. En WindowsNT, podrá acceder a las bases de datos más no al módulo de identificación Online256. 32 bit ODBC software del sistema para archivos e Microsoft Acess 97 aTexto en español.14aÁrboles tropicales.14aÁrbolesxClasificación.14aÁrbolesxYucatan.